Famous Davids Quiz Stats

 Plays Quiz Updated Dec 26, 2018

Support Sporcle.
Go Orange.
Score 0/30 Timer 06:00
2 Plays Today
Hint Name % Correct
Actor, 'Baywatch'. Singer, Germany.David Hasselhoff
82.5%
Courteney Cox's ex-husbandDavid Arquette
76%
Played Ross on 'Friends'David Schwimmer
74.6%
English Footballer with movie named after himDavid Beckham
69.5%
Actor, 'Tommy Boy'David Spade
61.2%
Shock NYC street magicianDavid Blaine
58.8%
Either of two finalists of American Idol 7David Archuleta or David Cook
57.3%
Magician/Illusionist or Dickens NarratorDavid Copperfield
54.3%
CBS Nightly Talk Show hostDavid Letterman
52.7%
Red Sox baseball player, nicknamed 'Big Papi'David Ortiz
51.9%
Singer of 'China Girl' and 'Let's Dance'David Bowie
49.6%
For Téa Leoni's husband, the truth is out thereDavid Duchovny
48.7%
Original lead singer of Van HalenDavid Lee Roth
47.9%
Deceased actor from 'Kung Fu' and 'Kill Bill'David Carradine
44.9%
Former center for the San Antonio SpursDavid Robinson
43.9%
Hint Name % Correct
The untransformed Hulk (TV - fictional)David Banner
38.3%
Musician/Actor, 'The Partridge Family'David Cassidy
36.1%
Actor, 'CSI Miami'David Caruso
31.3%
Seinfeld auto mechanic and boyfriend (fictional)David Puddy
30.6%
Director, 'Blue Velvet' and 'Twin Peaks'David Lynch
23.6%
Played Tobias Fünke on 'Arrested Development'David Cross
23%
Serial killer known as the Son of SamDavid Berkowitz
22%
Founder of Talking HeadsDavid Byrne
19.4%
Author of 'Me Talk Pretty One Day'David Sedaris
17.6%
Musician, Pink FloydDavid Gilmour
16.6%
Actor, 'Around the World in 80 Days'David Niven
15.5%
TV Writer of 'Chicago Hope' and 'Ally Mcbeal'David E. Kelley
11.2%
Director, 'Doctor Zhivago'David Lean
10.7%
Welsh Prime Minister of U.K. (1916-1922)David Lloyd George
7.6%
Founder of Salon.comDavid Talbot
0.8%

From the Vault

Movie Word Quintets XXI

by Larryholmes79

Movies 8m
28 words later... We're still very far away from assembling a proper dictionary.
Remove Ads.
Support Sporcle.
Get the best of Sporcle when you Go Orange. This ad-free experience offers more features, more stats, and more fun while also helping to support Sporcle. Thank you for becoming a member.

Show Comments

Extras

Top Quizzes Today


Score Distribution

Your Account Isn't Verified!

In order to create a playlist on Sporcle, you need to verify the email address you used during registration. Go to your Sporcle Settings to finish the process.

Report this User

Report this user for behavior that violates our Community Guidelines.

Details: